[Event "Rated Blitz game"]
[Site "?"]
[Date "2021.11.12"]
[Round "?"]
[White "misikito"]
[Black "Roberto_Baggio1978"]
[Result "1-0"]
[WhiteElo "2429"]
[BlackElo "2556"]
[PlyCount "52"]
[EventDate "2021.??.??"]
[EventType "blitz"]

1. e4 e5 2. Nf3 d5 3. exd5 e4 4. Nd4 Qxd5 5. Nb3 Nf6 6. Nc3 Qf5 7. Bc4 Bd6 8.
d3 O-O 9. Be3 Nc6 10. dxe4 Nxe4 11. Nxe4 Qxe4 12. Bd5 Qg6 13. O-O Bg4 14. Bf3
Qh5 15. h3 Bxf3 16. Qxf3 Qxf3 17. gxf3 Ne5 18. Kg2 Nc4 19. Bd4 Rad8 20. Rad1 a5
21. Rfe1 a4 22. Nc5 Bxc5 23. Bxc5 Nxb2 24. Rb1 Nc4 25. Bxf8 Kxf8 26. Rxb7 g6 {
Normal} 1-0

[Event "Rated Blitz game"]
[Site "?"]
[Date "2021.11.12"]
[Round "?"]
[White "Cavolinho"]
[Black "mirekkk14"]
[Result "1/2-1/2"]
[WhiteElo "2565"]
[BlackElo "2401"]
[PlyCount "143"]
[EventDate "2021.??.??"]
[EventType "blitz"]

1. e4 e5 2. Nf3 d5 3. exd5 e4 4. Ne5 Qxd5 5. d4 exd3 6. Nxd3 Nf6 7. Nc3 Qh5 8.
Be2 Bg4 9. f3 Be6 10. Nf4 Qa5 11. Nxe6 fxe6 12. O-O Bd6 13. Bc4 Qc5+ 14. Kh1
Qxc4 15. Re1 O-O 16. Be3 Nc6 17. Qd2 Qh4 18. Bg1 Nh5 19. g4 Nf4 20. Ne4 Rad8
21. Bf2 Qh3 22. Bg3 Nd5 23. Qg2 Qh6 24. Nxd6 cxd6 25. Rad1 Ne3 26. Qd2 Nxd1 27.
Qxd1 e5 28. c3 d5 29. b4 a6 30. a4 e4 31. b5 axb5 32. axb5 Ne7 33. f4 Rxf4 34.
Bxf4 Qxf4 35. Rf1 Qe3 36. Qb3 Qe2 37. Kg1 e3 38. Qb4 Ng6 39. Qd4 Qd2 40. Qxd2
exd2 41. Rd1 Nh4 42. Kf2 Rf8+ 43. Ke3 Ng2+ 44. Kxd2 g5 45. Kd3 Rf2 46. Kd4 Nf4
47. Rh1 Rd2+ 48. Kc5 Rd3 49. Kb6 Rxc3 50. Kxb7 d4 51. b6 d3 52. Rd1 Nd5 53. Ka7
Ne3 54. Rd2 Nc4 55. Rd1 Nxb6 56. Kxb6 Rc4 57. Rxd3 Rxg4 58. Kc5 Rg2 59. h3 Kg7
60. Kd5 Kg6 61. Ke4 Kh5 62. Kf5 Rf2+ 63. Ke4 Rf4+ 64. Ke3 Kh4 65. Ke2 h5 66.
Re3 Ra4 67. Kf2 Ra2+ 68. Kg1 Ra1+ 69. Kg2 Ra2+ 70. Kg1 Ra1+ 71. Kg2 Ra2+ 72.
Kg1 {Normal} 1/2-1/2

[Event "Rated Blitz game"]
[Site "?"]
[Date "2021.11.12"]
[Round "?"]
[White "Rekcirts"]
[Black "Fantastic_power06"]
[Result "0-1"]
[WhiteElo "2602"]
[BlackElo "2825"]
[PlyCount "96"]
[EventDate "2021.??.??"]
[EventType "blitz"]

1. e4 e5 2. Nf3 d5 3. Nxe5 Bd6 4. d4 dxe4 5. Nc3 Bxe5 6. dxe5 Qxd1+ 7. Nxd1 Nc6
8. Bf4 Nge7 9. Bb5 Bd7 10. Nc3 O-O-O 11. O-O-O Ng6 12. Bg3 Ncxe5 13. Bxd7+ Nxd7
14. Nxe4 f5 15. Ng5 Rde8 16. f4 Re2 17. Rd2 Rxd2 18. Kxd2 h6 19. Ne6 Nf6 20.
Nxg7 Ne4+ 21. Kc1 Ne7 22. Re1 Nxg3 23. Rxe7 Nf1 24. Nxf5 Rf8 25. Nxh6 Nxh2 26.
g3 Nf1 27. Rg7 b6 28. Nf7 Nxg3 29. Rxg3 Rxf7 30. Rf3 Kd7 31. Kd2 Ke6 32. Kd3
Kf5 33. Kc4 Ke4 34. Rf1 Rxf4 35. Rxf4+ Kxf4 36. Kb5 Ke3 37. c4 Kd2 38. b4 Kc3
39. c5 bxc5 40. bxc5 Kd4 41. Kc6 Kc4 42. a3 a5 43. Kxc7 Kxc5 44. Kb7 a4 45. Kc7
Kc4 46. Kc6 Kb3 47. Kc5 Kxa3 48. Kc4 Kb2 {Normal} 0-1

[Event "Rated Blitz game"]
[Site "?"]
[Date "2021.11.12"]
[Round "?"]
[White "Jb0r"]
[Black "lavilaine"]
[Result "1-0"]
[WhiteElo "2395"]
[BlackElo "2400"]
[PlyCount "81"]
[EventDate "2021.??.??"]
[EventType "blitz"]

1. e4 e5 2. Nf3 d5 3. exd5 Bd6 4. Nc3 f5 5. Bb5+ Bd7 6. O-O Nf6 7. d4 e4 8. Ne5
O-O 9. Bg5 a6 10. Ba4 Bxa4 11. Nxa4 Nbd7 12. Bxf6 Nxf6 13. c4 b5 14. Nc6 Qe8
15. cxb5 axb5 16. Nc3 b4 17. Nb5 Nxd5 18. Rc1 Ra6 19. Nxd6 cxd6 20. Nxb4 Nxb4
21. Qb3+ d5 22. Qxb4 Rxa2 23. Rc7 Rf7 24. Qb7 Rxc7 25. Qxd5+ Kh8 26. Qxa2 f4
27. Qa5 Rc2 28. Re1 e3 29. fxe3 fxe3 30. Qb6 e2 31. h3 h6 32. Qb3 Qe4 33. Qb8+
Kh7 34. Qe5 Qd3 35. Kf2 Rd2 36. Rxe2 Rxe2+ 37. Qxe2 Qxd4+ 38. Kg3 Qe5+ 39. Qxe5
Kg6 40. Qe4+ Kh5 41. Qg4# {Normal} 1-0

[Event "Rated Blitz game"]
[Site "?"]
[Date "2021.11.12"]
[Round "?"]
[White "fathermother"]
[Black "RiskyBlitzer"]
[Result "1-0"]
[WhiteElo "2534"]
[BlackElo "2470"]
[PlyCount "57"]
[EventDate "2021.??.??"]
[EventType "blitz"]

1. e4 e5 2. Nf3 d5 3. exd5 e4 4. Qe2 Nf6 5. Nc3 Be7 6. Nxe4 Nxd5 7. Qc4 Nc6 8.
Be2 Be6 9. Qb5 a6 10. Qc4 Nf4 11. Qc3 Nxg2+ 12. Kf1 Bh3 13. Qxg7 Kd7 14. Qh6
Ne3+ 15. Ke1 Nxc2+ 16. Kd1 Bf5 17. Kxc2 Bxe4+ 18. d3 Bxf3 19. Bxf3 Nd4+ 20. Kb1
Kc8 21. Be4 f5 22. Bg2 Rg8 23. Bh3 Kb8 24. Be3 Nb5 25. Rd1 Rg6 26. Qxh7 Nd6 27.
Qxg6 Qh8 28. Bxf5 Qxh2 29. Qg8+ {Normal} 1-0

[Event "Rated Blitz game"]
[Site "?"]
[Date "2021.11.12"]
[Round "?"]
[White "Hiko-Seijuro"]
[Black "RiskyBlitzer"]
[Result "1-0"]
[WhiteElo "2381"]
[BlackElo "2466"]
[PlyCount "153"]
[EventDate "2021.??.??"]
[EventType "blitz"]

1. e4 e5 2. Nf3 d5 3. d3 dxe4 4. dxe4 Qxd1+ 5. Kxd1 Nc6 6. c3 f5 7. Bb5 Bd6 8.
exf5 Bxf5 9. Re1 O-O-O 10. Ke2 e4 11. Bxc6 exf3+ 12. Bxf3 Re8+ 13. Kf1 Bd3+ 14.
Be2 Rxe2 15. Rxe2 Nf6 16. Ke1 Bxe2 17. Kxe2 Bxh2 18. g3 h5 19. Bg5 Ne4 20. Be3
h4 21. Kf3 hxg3 22. fxg3 Nxg3 23. Nd2 Nf5 24. Bg5 Bd6 25. Ne4 Rh2 26. Rb1 Be7
27. Bf4 Rc2 28. a4 Nh4+ 29. Kg4 Rg2+ 30. Kh3 Re2 31. Ng3 Rf2 32. Be5 g5 33. Kg4
Ng2 34. Ne4 Ne3+ 35. Kh5 Rf5 36. Bd4 g4+ 37. Kg6 Rf4 38. Ng3 c5 39. Bxe3 Rf3
40. Nf5 Bf8 41. Rg1 g3 42. Rxg3 Rxg3+ 43. Nxg3 c4 44. Kf5 b6 45. Ke4 Kb7 46.
Kd5 a6 47. Kxc4 b5+ 48. axb5 axb5+ 49. Kxb5 Kc7 50. b4 Kd7 51. Ne4 Kc7 52. Bc5
Bg7 53. c4 Be5 54. Bd6+ Kb7 55. Bxe5 Ka7 56. Kc6 Ka8 57. Kc7 Ka7 58. c5 Ka6 59.
c6 Kb5 60. Kd7 Kb6 61. c7 Ka6 62. c8=Q+ Kb5 63. Qc5+ Ka4 64. Nc3+ Kb3 65. b5
Kc2 66. b6 Kd3 67. Nb5 Ke4 68. Qd4+ Kf5 69. Qf4+ Kg6 70. Qf6+ Kh5 71. Qg7 Kh4
72. Bf6+ Kh3 73. Qg5 Kh2 74. Nd4 Kh1 75. Ne2 Kh2 76. Qg3+ Kh1 77. Qg1# {Normal}
1-0

[Event "Rated Blitz game"]
[Site "?"]
[Date "2021.11.12"]
[Round "?"]
[White "Gonzaga22"]
[Black "Schachelite"]
[Result "1/2-1/2"]
[WhiteElo "2540"]
[BlackElo "2467"]
[PlyCount "125"]
[EventDate "2021.??.??"]
[EventType "blitz"]

1. e4 e5 2. Nf3 d5 3. Nc3 dxe4 4. Nxe4 f5 5. Ng3 Bd6 6. d4 e4 7. Ne5 Bxe5 8.
dxe5 Qxd1+ 9. Kxd1 Nc6 10. Bb5 Nge7 11. Bg5 O-O 12. Bxe7 Nxe7 13. f4 exf3 14.
gxf3 f4 15. Ne4 Ng6 16. Bc4+ Kh8 17. e6 Ne5 18. Bb3 Re8 19. Ng5 h6 20. Nf7+
Nxf7 21. exf7 Rd8+ 22. Ke2 g5 23. h4 Kg7 24. hxg5 hxg5 25. Rh5 Kg6 26. Rah1 Bf5
27. Rh6+ Kg7 28. R6h5 Kf6 29. Rg1 Bg6 30. Rhxg5 Bxf7 31. Bxf7 Kxf7 32. Rg7+ Kf6
33. Rxc7 Rac8 34. Rgg7 Re8+ 35. Kf2 Rcd8 36. Rgd7 Rxd7 37. Rxd7 Rb8 38. Ke2 Ke6
39. Rh7 Ke5 40. Kd3 Rd8+ 41. Ke2 Rb8 42. c3 a6 43. a4 b5 44. a5 b4 45. c4 Kd4
46. Rc7 b3 47. Rf7 Kxc4 48. Rxf4+ Kb5 49. Rf5+ Kc4 50. Rf6 Rh8 51. Rxa6 Rh2+
52. Ke3 Rxb2 53. Rb6 Ra2 54. a6 b2 55. f4 Ra3+ 56. Ke4 Rb3 57. Rxb3 Kxb3 58. a7
b1=Q+ 59. Ke5 Qa2 60. f5 Qxa7 61. f6 Qf7 62. Kf5 Qxf6+ 63. Kxf6 {Normal}
1/2-1/2

[Event "Rated Blitz game"]
[Site "?"]
[Date "2021.11.12"]
[Round "?"]
[White "Attacke2021"]
[Black "romanzas2007"]
[Result "0-1"]
[WhiteElo "2517"]
[BlackElo "2434"]
[PlyCount "54"]
[EventDate "2021.??.??"]
[EventType "blitz"]

1. e4 e5 2. Nf3 d5 3. exd5 e4 4. Qe2 Be7 5. Qxe4 Nf6 6. Qa4+ Bd7 7. Qb3 c6 8.
Qxb7 Nxd5 9. Qxa8 Qc7 10. d4 Nb6 11. Bf4 Qxf4 12. Qxa7 Qc1+ 13. Ke2 Qxb2 14.
Qxb8+ Bd8 15. Qe5+ Be6 16. d5 Qxc2+ 17. Nbd2 Nxd5 18. Nd4 Qb2 19. Qxg7 Bf6 20.
Qg3 Qxd4 21. Rc1 Bg4+ 22. f3 Bg5 23. Nc4 Nf4+ 24. Qxf4 Bxf4 25. fxg4 Bxc1 26.
Kf3 O-O 27. Be2 Qf4# {Normal} 0-1

[Event "Rated Blitz game"]
[Site "?"]
[Date "2021.11.12"]
[Round "?"]
[White "elpensionado"]
[Black "Roberto_Baggio1978"]
[Result "1-0"]
[WhiteElo "2624"]
[BlackElo "2558"]
[PlyCount "47"]
[EventDate "2021.??.??"]
[EventType "blitz"]

1. e4 e5 2. Nf3 d5 3. Nc3 d4 4. Ne2 f6 5. Ng3 Be6 6. b3 c5 7. Bc4 Bxc4 8. bxc4
Nc6 9. Rb1 b6 10. d3 h5 11. Nh4 g5 12. Ng6 Rh6 13. Nxf8 Kxf8 14. Nxh5 Nge7 15.
g4 Ng6 16. Qf3 Nf4 17. h4 Rc8 18. Bd2 Rc7 19. Rd1 Rch7 20. Rb1 Ke7 21. a4 Nxh5
22. hxg5 Rg6 23. gxh5 Rg8 24. Qxf6+ {Normal} 1-0

[Event "Rated Blitz game"]
[Site "?"]
[Date "2021.11.12"]
[Round "?"]
[White "gusmun"]
[Black "GoughPhar"]
[Result "0-1"]
[WhiteElo "2355"]
[BlackElo "2438"]
[PlyCount "104"]
[EventDate "2021.??.??"]
[EventType "blitz"]

1. e4 e5 2. Nf3 d5 3. exd5 e4 4. Qe2 Nf6 5. d3 Qxd5 6. dxe4 Qxe4 7. Qxe4+ Nxe4
8. Bd3 Nc5 9. Bc4 Be6 10. Bxe6 Nxe6 11. O-O Nc6 12. c4 O-O-O 13. Be3 Bc5 14.
Bxc5 Nxc5 15. Nc3 Rhe8 16. Rfe1 Nd3 17. Rxe8 Rxe8 18. b3 Nce5 19. Nxe5 Rxe5 20.
g3 c6 21. Rd1 Nc5 22. Kg2 f6 23. h4 Ne4 24. Nxe4 Rxe4 25. Rd2 Kc7 26. Kf3 Re5
27. Re2 Rxe2 28. Kxe2 Kd6 29. Kd3 Kc5 30. a3 a5 31. Kc3 b5 32. b4+ axb4+ 33.
axb4+ Kd6 34. cxb5 cxb5 35. Kd4 f5 36. f3 h5 37. Ke3 Ke5 38. Kd3 Kd5 39. Ke3
Kc4 40. Kf4 Kxb4 41. Kxf5 Kc3 42. g4 b4 43. gxh5 b3 44. h6 gxh6 45. Kg6 b2 46.
Kxh6 b1=Q 47. f4 Qf5 48. h5 Qxf4+ 49. Kg7 Qe5+ 50. Kg6 Qh8 51. h6 Kd4 52. h7
Ke5 {Normal} 0-1

[Event "Rated Blitz game"]
[Site "?"]
[Date "2021.11.12"]
[Round "?"]
[White "ipmanctes"]
[Black "Tintyn"]
[Result "0-1"]
[WhiteElo "2314"]
[BlackElo "2435"]
[PlyCount "30"]
[EventDate "2021.??.??"]
[EventType "blitz"]

1. e4 e5 2. Nf3 d5 3. exd5 e4 4. Qe2 Nf6 5. d3 Qxd5 6. Nc3 Bb4 7. Bd2 Bxc3 8.
Bxc3 O-O 9. Bxf6 exf3 10. Qe5 Qxe5+ 11. Bxe5 Re8 12. d4 f6 13. Bc4+ Be6 14. d5
Bf7 15. Kd1 Rxe5 {Normal} 0-1

[Event "Rated Blitz game"]
[Site "?"]
[Date "2021.11.12"]
[Round "?"]
[White "skouliki"]
[Black "Tamrik2"]
[Result "1-0"]
[WhiteElo "2470"]
[BlackElo "2481"]
[PlyCount "93"]
[EventDate "2021.??.??"]
[EventType "blitz"]

1. e4 e5 2. Nf3 d5 3. Nxe5 dxe4 4. d4 Be6 5. Bc4 Bxc4 6. Nxc4 Nf6 7. O-O Be7 8.
Be3 O-O 9. Nc3 Nc6 10. d5 Nb4 11. Na5 Rb8 12. Bxa7 Ra8 13. Nxb7 Qc8 14. Bc5 Re8
15. Bxe7 Rxe7 16. Nc5 Qd8 17. Re1 Nbxd5 18. Nxd5 Nxd5 19. Nxe4 Nb4 20. Qxd8+
Rxd8 21. Nf6+ Kf8 22. Nxh7+ Ke8 23. Rxe7+ Kxe7 24. Re1+ Kd7 25. Rd1+ Ke8 26.
Rxd8+ Kxd8 27. c3 Nxa2 28. Ng5 Ke7 29. f3 Nc1 30. Ne4 Nd3 31. b4 f5 32. Nd2 Ke6
33. Kf1 Kd5 34. g3 Nb2 35. Ke2 Na4 36. Kd3 Nb2+ 37. Kc2 Na4 38. Kb3 Nb6 39. h4
Nd7 40. g4 Ke5 41. gxf5 Kxf5 42. Kc4 Kf4 43. Kd5 Ne5 44. b5 Ng6 45. h5 Ne5 46.
c4 Nd3 47. c5 {Time forfeit} 1-0

[Event "Rated Blitz game"]
[Site "?"]
[Date "2021.11.12"]
[Round "?"]
[White "Pan05_MMV"]
[Black "Razario90"]
[Result "1/2-1/2"]
[WhiteElo "2453"]
[BlackElo "2422"]
[PlyCount "56"]
[EventDate "2021.??.??"]
[EventType "blitz"]

1. e4 e5 2. Nf3 d5 3. exd5 e4 4. Qe2 Nf6 5. Nc3 Be7 6. Nxe4 O-O 7. d3 Re8 8. g3
Nxd5 9. Be3 f5 10. Nc3 Bb4 11. Kd2 Qf6 12. d4 f4 13. gxf4 Nxf4 14. Qc4+ Ne6 15.
Qxb4 Qxf3 16. Be2 Qf5 17. Rag1 Nc6 18. Qb3 Kh8 19. d5 Ned4 20. Qa4 Nxe2 21.
Kxe2 b5 22. Nxb5 Ba6 23. Qxa6 Qxc2+ 24. Kf1 Qd1+ 25. Kg2 Qg4+ 26. Kf1 Qd1+ 27.
Kg2 Qg4+ 28. Kf1 Qd1+ {Normal} 1/2-1/2

[Event "Rated Blitz game"]
[Site "?"]
[Date "2021.11.11"]
[Round "?"]
[White "Sertoespj"]
[Black "Tintyn"]
[Result "0-1"]
[WhiteElo "2398"]
[BlackElo "2456"]
[PlyCount "62"]
[EventDate "2021.??.??"]
[EventType "blitz"]

1. e4 e5 2. Nf3 d5 3. exd5 e4 4. Ne5 Nf6 5. d4 exd3 6. Nxd3 Qxd5 7. Nc3 Qf5 8.
Be2 Nc6 9. O-O Bd6 10. Be3 O-O 11. h3 a6 12. Bf3 Ne5 13. Nxe5 Qxe5 14. g3 Bxh3
15. Re1 Qf5 16. Bxb7 Rab8 17. Qf3 Qxf3 18. Bxf3 Rxb2 19. Bd4 Rxc2 20. Bxf6 gxf6
21. Ne4 Be5 22. Rac1 Rxa2 23. Nc5 Bd4 24. Nd3 c5 25. Bd5 Rd2 26. Rcd1 Rxd1 27.
Rxd1 Rb8 28. Kh2 Be6 29. Bf3 a5 30. Nf4 Bb3 31. Re1 a4 {Normal} 0-1

[Event "Rated Rapid tournament mfSdatW9"]
[Site "?"]
[Date "2021.11.11"]
[Round "?"]
[White "arielofek"]
[Black "Believe4_Hope"]
[Result "1-0"]
[WhiteElo "2548"]
[BlackElo "2208"]
[PlyCount "25"]
[EventDate "2021.??.??"]
[EventType "rapid"]

1. e4 e5 2. Nf3 d5 3. exd5 e4 4. Qe2 f5 5. Nc3 Nf6 6. Nd4 Nxd5 7. Qc4 Nxc3 8.
dxc3 c6 9. Bf4 Qf6 10. O-O-O Be7 11. h4 b5 12. Nxb5 cxb5 13. Qxc8+ {Normal} 1-0

[Event "Rated Blitz tournament u9xYn3rL"]
[Site "?"]
[Date "2021.11.11"]
[Round "?"]
[White "pujangga_gila"]
[Black "Bis_Kecil_BKD"]
[Result "0-1"]
[WhiteElo "2254"]
[BlackElo "2498"]
[PlyCount "92"]
[EventDate "2021.??.??"]
[EventType "blitz"]

1. e4 e5 2. Nf3 d5 3. Nxe5 dxe4 4. Nc3 Nf6 5. Be2 Qd4 6. Nc4 Nc6 7. Ne3 Bd6 8.
Nb5 Qe5 9. Nxd6+ cxd6 10. O-O h5 11. f4 exf3 12. Bxf3 Ng4 13. Nxg4 hxg4 14. Re1
gxf3 15. Rxe5+ Nxe5 16. gxf3 Rh3 17. Qe2 Kf8 18. c3 Nxf3+ 19. Kg2 Rxh2+ 20.
Kxf3 Bg4+ 21. Kxg4 Rxe2 22. b3 Re1 23. d4 Rc8 24. c4 b5 25. c5 dxc5 26. dxc5 b4
27. Bb2 Rxa1 28. Bxa1 Rxc5 29. Kf4 Ra5 30. Bd4 Rxa2 31. Bc5+ Kg8 32. Bxb4 Rb2
33. Bc5 Rxb3 34. Bxa7 Rb4+ 35. Kg3 f5 36. Bc5 Rc4 37. Ba7 g5 38. Bb6 Rc3+ 39.
Kf2 f4 40. Bd4 Rd3 41. Bf6 Rg3 42. Be5 Kf7 43. Bb8 Ke6 44. Bc7 Kf5 45. Bb8 Rb3
46. Ke2 Rxb8 {Normal} 0-1

[Event "Rated Blitz game"]
[Site "?"]
[Date "2021.11.11"]
[Round "?"]
[White "IrwinDAton"]
[Black "Armament_Haki"]
[Result "1-0"]
[WhiteElo "2440"]
[BlackElo "2529"]
[PlyCount "101"]
[EventDate "2021.??.??"]
[EventType "blitz"]

1. e4 e5 2. Nf3 d5 3. Nxe5 Bd6 4. d4 dxe4 5. Nc4 Nf6 6. Be2 O-O 7. O-O h6 8.
Nxd6 Qxd6 9. c4 Re8 10. Nc3 Nc6 11. Be3 Bf5 12. a3 Rad8 13. Nb5 Qd7 14. d5 Ne5
15. Nd4 Bg6 16. Qb3 b6 17. Rfd1 Neg4 18. Nc6 Ra8 19. Bd4 Qd6 20. Qg3 Qxg3 21.
hxg3 Bf5 22. b4 Nd7 23. Bxg4 Bxg4 24. Rdc1 Nb8 25. Ne5 Bf5 26. b5 f6 27. Nc6
Nxc6 28. bxc6 Rad8 29. a4 a5 30. Re1 Bg6 31. Kf1 f5 32. Ke2 Re7 33. Ke3 Rb8 34.
Ra2 Bf7 35. Rb2 Ree8 36. Rb5 g5 37. Rh1 Kh7 38. Rhb1 Rec8 39. Be5 Kg6 40. Kd4
Ra8 41. c5 bxc5+ 42. Rxc5 f4 43. gxf4 gxf4 44. Bxf4 Re8 45. Bxc7 e3 46. fxe3
Kh7 47. e4 Bg6 48. Re1 Ra7 49. d6 Raa8 50. d7 Re7 51. Bd6 {Normal} 1-0

[Event "Rated Blitz game"]
[Site "?"]
[Date "2021.11.11"]
[Round "?"]
[White "niwt_tnegrevid"]
[Black "Annali-annaliew1979"]
[Result "1-0"]
[WhiteElo "2501"]
[BlackElo "2468"]
[PlyCount "61"]
[EventDate "2021.??.??"]
[EventType "blitz"]

1. e4 e5 2. Nf3 d5 3. Nxe5 Qe7 4. d4 f6 5. Ng4 Nc6 6. Nc3 dxe4 7. Bf4 Qb4 8.
Ne3 Qxb2 9. Ned5 Bb4 10. Bd2 Bd6 11. Rb1 Qa3 12. Rb3 Qa5 13. Nb5 Qxa2 14.
Ndxc7+ Bxc7 15. Nxc7+ Kd8 16. Nxa8 Be6 17. c4 Kc8 18. Be3 Qa5+ 19. Bd2 Qa2 20.
Bc3 Bg4 21. Qxg4+ Kb8 22. Qd1 Nge7 23. Be2 Rd8 24. O-O Nxd4 25. Bxd4 Nc6 26.
Bxa7+ Qxa7 27. Qb1 Qxa8 28. Rd1 Qa4 29. Rxd8+ Nxd8 30. c5 Kc7 31. h4 {Normal}
1-0

[Event "Rated Blitz game"]
[Site "?"]
[Date "2021.11.11"]
[Round "?"]
[White "AlasDeLibertad"]
[Black "GoughPhar"]
[Result "1-0"]
[WhiteElo "2295"]
[BlackElo "2429"]
[PlyCount "43"]
[EventDate "2021.??.??"]
[EventType "blitz"]

1. e4 e5 2. Nf3 d5 3. Nxe5 Bd6 4. d4 dxe4 5. Nc4 Nf6 6. Bg5 Nc6 7. c3 h6 8. Bh4
g5 9. Nxd6+ cxd6 10. Bg3 d5 11. Be2 Ne7 12. f3 Ng6 13. Nd2 h5 14. fxe4 dxe4 15.
O-O Qe7 16. Nc4 Ng4 17. h3 f5 18. hxg4 hxg4 19. Nd6+ Kf8 20. Bxg4 f4 21. Bxc8
Kg7 22. Nf5+ {Normal} 1-0

[Event "Rated Blitz tournament u9xYn3rL"]
[Site "?"]
[Date "2021.11.11"]
[Round "?"]
[White "Podium_TCC"]
[Black "bluesman21"]
[Result "1-0"]
[WhiteElo "2314"]
[BlackElo "2406"]
[PlyCount "53"]
[EventDate "2021.??.??"]
[EventType "blitz"]

1. e4 e5 2. Nf3 d5 3. Nxe5 Nf6 4. exd5 Bd6 5. Nf3 O-O 6. Be2 Nxd5 7. O-O Re8 8.
d4 Nc6 9. h3 h6 10. c4 Nf6 11. Nc3 Bf5 12. c5 Bf8 13. d5 Ne5 14. Nxe5 Rxe5 15.
Bf4 Re8 16. Bb5 Bd7 17. c6 bxc6 18. dxc6 Bf5 19. Qxd8 Raxd8 20. Bxc7 Rd2 21.
Bf4 Rxb2 22. c7 Rc2 23. Bxe8 Nxe8 24. Rac1 Rb2 25. Ne4 Bc8 26. Rfd1 Be7 27. Rd8
{Normal} 1-0

[Event "Rated Blitz game"]
[Site "?"]
[Date "2021.11.11"]
[Round "?"]
[White "ivokarlovic"]
[Black "Annali-annaliew1979"]
[Result "1-0"]
[WhiteElo "2515"]
[BlackElo "2451"]
[PlyCount "63"]
[EventDate "2021.??.??"]
[EventType "blitz"]

1. e4 e5 2. Nf3 d5 3. exd5 e4 4. Qe2 f5 5. d3 Nf6 6. Nbd2 Be7 7. dxe4 fxe4 8.
Nxe4 Nxe4 9. Qxe4 O-O 10. Bc4 Bb4+ 11. c3 Bd6 12. O-O Bf5 13. Qd4 Nd7 14. Bg5
Qe8 15. Rae1 Qh5 16. Bh4 Bg4 17. Bg3 Rxf3 18. gxf3 Bh3 19. Qh4 Qxh4 20. Bxh4
Bxf1 21. Bxf1 Ne5 22. Re3 Rf8 23. Kg2 Bc5 24. Rxe5 Kf7 25. Bc4 Kg6 26. Re6+ Kh5
27. Bg3 g6 28. f4 Bd6 29. Bd3 Kg4 30. Be2+ Kf5 31. Kf3 Bxf4 32. Bxf4 {Normal}
1-0

[Event "Rated Blitz game"]
[Site "?"]
[Date "2021.11.11"]
[Round "?"]
[White "Taltiger"]
[Black "Annali-annaliew1979"]
[Result "0-1"]
[WhiteElo "2392"]
[BlackElo "2448"]
[PlyCount "32"]
[EventDate "2021.??.??"]
[EventType "blitz"]

1. e4 e5 2. Nf3 d5 3. Nxe5 Qe7 4. d4 f6 5. Qh5+ g6 6. Nxg6 Qxe4+ 7. Be3 Qxg6 8.
Qxd5 Ne7 9. Qb3 Nbc6 10. Nd2 Bf5 11. Nf3 O-O-O 12. Nh4 Qh5 13. Nxf5 Qxf5 14.
O-O-O Nd5 15. c4 Nxe3 16. fxe3 Bh6 {Normal} 0-1

[Event "Rated Blitz game"]
[Site "?"]
[Date "2021.11.11"]
[Round "?"]
[White "KBxLJ"]
[Black "AgingKnight"]
[Result "1/2-1/2"]
[WhiteElo "2428"]
[BlackElo "2304"]
[PlyCount "129"]
[EventDate "2021.??.??"]
[EventType "blitz"]

1. e4 e5 2. Nf3 d5 3. Nxe5 Bd6 4. d4 dxe4 5. Bf4 Nf6 6. Bc4 O-O 7. O-O c6 8. h3
Nd5 9. Bh2 Be6 10. b3 b5 11. Be2 f6 12. Ng4 Bxh2+ 13. Kxh2 Nf4 14. Ne3 Qd6 15.
Kg1 Nd7 16. c3 Nb6 17. Nd2 Nbd5 18. Nxe4 Qe7 19. Nxd5 cxd5 20. Ng3 a6 21. Re1
Qd7 22. Bf3 h5 23. Qd2 h4 24. Qxf4 hxg3 25. Qxg3 Rac8 26. Re3 f5 27. Qe5 Rf6
28. g3 f4 29. gxf4 Bxh3 30. Bg2 Rg6 31. Rg3 Rxg3 32. fxg3 Rxc3 33. Qxd5+ Qxd5
34. Bxd5+ Kf8 35. Kh2 Bf5 36. a4 b4 37. Bc4 Rc2+ 38. Kg1 a5 39. Re1 Bg4 40. d5
Bf3 41. Re3 Bg2 42. d6 Bc6 43. Rd3 Ke8 44. Bb5 Bxb5 45. axb5 Kd7 46. b6 Rc6 47.
Rd5 Rxb6 48. Rxa5 Kxd6 49. Kg2 g6 50. Ra4 Kd5 51. Kf3 Kd4 52. Ra1 Kc3 53. Kg4
Kxb3 54. f5 gxf5+ 55. Kxf5 Kb2 56. Rg1 b3 57. g4 Ka3 58. g5 b2 59. g6 b1=Q+ 60.
Rxb1 Rxb1 61. g7 Rg1 62. Kf6 Kb4 63. Kf7 Kc5 64. g8=Q Rxg8 65. Kxg8 {Normal}
1/2-1/2

[Event "Rated Blitz game"]
[Site "?"]
[Date "2021.11.11"]
[Round "?"]
[White "gaho2005"]
[Black "RiskyBlitzer"]
[Result "0-1"]
[WhiteElo "2499"]
[BlackElo "2456"]
[PlyCount "49"]
[EventDate "2021.??.??"]
[EventType "blitz"]

1. e4 e5 2. Nf3 d5 3. Nxe5 dxe4 4. Bc4 Qg5 5. Bxf7+ Ke7 6. d4 Qxg2 7. Rf1 Nf6
8. Bc4 Nc6 9. Nxc6+ bxc6 10. Nc3 Bg4 11. Qd2 Re8 12. Qe3 Kd8 13. Qg3 Bh3 14.
Bf4 Qxg3 15. hxg3 Bxf1 16. Bxf1 Bb4 17. O-O-O Bxc3 18. bxc3 Nd5 19. Bd2 e3 20.
fxe3 Nxe3 21. Re1 Nxf1 22. Rxf1 Rhf8 23. Rh1 h6 24. Rh5 Rf2 25. Kb2 {Normal}
0-1

[Event "Rated Blitz tournament g6y7kcsy"]
[Site "?"]
[Date "2021.11.11"]
[Round "?"]
[White "MigueMosquera"]
[Black "CaroyinixDiscomix"]
[Result "1-0"]
[WhiteElo "2670"]
[BlackElo "2403"]
[PlyCount "89"]
[EventDate "2021.??.??"]
[EventType "blitz"]

1. e4 e5 2. Nf3 d5 3. exd5 e4 4. Qe2 Nf6 5. d3 Qxd5 6. Nfd2 Nc6 7. Nc3 Qa5 8.
Ndxe4 Be6 9. Nxf6+ gxf6 10. Be3 Bb4 11. Qd2 O-O-O 12. a3 Rhe8 13. Be2 Nd4 14.
Bxd4 Rxd4 15. O-O Bd6 16. Ne4 Qf5 17. Nxd6+ cxd6 18. Bf3 Kb8 19. Rfe1 Rg8 20.
Kh1 Rh4 21. Re4 Bd5 22. Qe3 Bxe4 23. Bxe4 Qh5 24. h3 f5 25. Bd5 f4 26. Qf3 Qxf3
27. Bxf3 Rh6 28. Re1 Re6 29. Re4 Rxe4 30. Bxe4 Kc7 31. Bxh7 Rh8 32. Be4 a6 33.
Kg1 b5 34. Kf1 f6 35. Ke2 Rd8 36. c4 bxc4 37. dxc4 Kb6 38. b4 a5 39. Kf3 axb4
40. axb4 Rb8 41. Kxf4 Kc7 42. b5 Re8 43. h4 Re5 44. g4 Rc5 45. Bd5 {Normal} 1-0

[Event "Rated Blitz game"]
[Site "?"]
[Date "2021.11.11"]
[Round "?"]
[White "MiguelArcangel"]
[Black "SerialDrinker"]
[Result "1-0"]
[WhiteElo "2401"]
[BlackElo "2279"]
[PlyCount "39"]
[EventDate "2021.??.??"]
[EventType "blitz"]

1. e4 e5 2. Nf3 d5 3. Nxe5 Bd6 4. d4 dxe4 5. Nc4 Be7 6. Nc3 f5 7. Be2 Nf6 8.
O-O O-O 9. Bf4 c6 10. Ne5 Be6 11. f3 Nd5 12. Bd2 exf3 13. Bxf3 Nxc3 14. Bxc3
Bf6 15. Qe2 Nd7 16. Nxc6 Qe8 17. Ne5 Nxe5 18. dxe5 Be7 19. Rad1 Qb5 20. Qxb5 {
Normal} 1-0

[Event "Rated Blitz tournament u9xYn3rL"]
[Site "?"]
[Date "2021.11.11"]
[Round "?"]
[White "yadi_KCB"]
[Black "om_gendut"]
[Result "0-1"]
[WhiteElo "2243"]
[BlackElo "2445"]
[PlyCount "80"]
[EventDate "2021.??.??"]
[EventType "blitz"]

1. e4 e5 2. Nf3 d5 3. Nxe5 Bd6 4. d4 dxe4 5. Nc3 Bxe5 6. dxe5 Qxd1+ 7. Kxd1 Nc6
8. Nxe4 Bf5 9. Ng3 O-O-O+ 10. Ke1 Bxc2 11. Bf4 Nge7 12. Rc1 Bg6 13. f3 h6 14.
h4 Nd5 15. Bd2 Nxe5 16. Kf2 Bd3 17. Re1 Bxf1 18. Rxe5 Bb5 19. Rc1 Bc6 20. Ne4
Rhe8 21. Rxe8 Rxe8 22. a3 Nb6 23. Bc3 Bxe4 24. fxe4 Rxe4 25. g3 g6 26. Kf3 f5
27. Bg7 h5 28. Bh6 Nd5 29. Rc5 c6 30. Rc1 Kd7 31. Bg5 a5 32. Rd1 Ke6 33. Rd2 a4
34. Rc2 Kd6 35. Rd2 b5 36. Rc2 b4 37. axb4 Rxb4 38. Rd2 Rb3+ 39. Kg2 Kc5 40.
Kf2 Kb5 {Time forfeit} 0-1

[Event "Rated Blitz game"]
[Site "?"]
[Date "2021.11.11"]
[Round "?"]
[White "PonyBoy67"]
[Black "ALJHoNNzki"]
[Result "0-1"]
[WhiteElo "2281"]
[BlackElo "2427"]
[PlyCount "52"]
[EventDate "2021.??.??"]
[EventType "blitz"]

1. e4 e5 2. Nf3 d5 3. d4 dxe4 4. Nxe5 Bd6 5. f4 exf3 6. Nxf3 Nf6 7. Bc4 Nc6 8.
c3 Bg4 9. Bxf7+ Kxf7 10. Qb3+ Kf8 11. O-O Qd7 12. Bg5 Be7 13. Nbd2 h6 14. Bh4
g5 15. Nxg5 hxg5 16. Bxg5 Kg7 17. Bxf6+ Bxf6 18. Ne4 Raf8 19. Nc5 Qd6 20. g3
Bxd4+ 21. Kg2 Bh3+ 22. Kh1 Bxc5 23. Rf4 Rxf4 24. gxf4 Qxf4 25. Rg1+ Bg4 26. Rg2
Qf1+ {Normal} 0-1